[Event "9th Rheinland-Pfalz Open 2017"]
[Site "Lambsheim GER"]
[Date "2017.06.17"]
[Round "6.9"]
[White "Bomans,A"]
[Black "Kathstede,G"]
[Result "1-0"]
[WhiteElo "2269"]
[BlackElo "2040"]

1.e4 c5 2.Nf3 g6 3.d4 cxd4 4.Nxd4 Nc6 5.c4 Nf6 6.Nc3 d6 7.Be2 Nxd4 8.Qxd4 Bg7
9.Bg5 O-O 10.Qd2 Be6 11.Rc1 Qa5 12.O-O Rfc8 13.b3 a6 14.Bf3 Rab8 15.Rfe1 b5
16.Nd5 Qxd2 17.Bxd2 Bxd5 18.cxd5 h5 19.Rc6 Ra8 20.Rec1 Rcb8 21.Rc7 Kf8 22.e5
Ne8 23.exd6 exd6 24.Rd7 Be5 25.Bg5 b4 26.Rc6 a5 27.Be2 a4 28.Bc4 axb3 29.Bxb3
Ra5 30.Kf1 Kg7 31.Be7 Nf6 32.Rdxd6 Bxd6 33.Bxd6 Re8 34.Bxb4 Rxd5 35.Rxf6 Kxf6
36.Bxd5 Ke5 37.Bxf7 Rb8 38.a3 Rb6 39.h4 Kd4 40.Ke2 Rf6 41.Bb3 Rb6 42.f3 Rb5
43.Bc2 Rb6 44.Be4 {#r} 1-0

[Event "9th Rheinland-Pfalz Open 2017"]
[Site "Lambsheim GER"]
[Date "2017.06.17"]
[Round "6.11"]
[White "Commercon,S"]
[Black "Busch,L"]
[Result "1-0"]
[WhiteElo "2253"]
[BlackElo "2105"]

1.d4 d5 2.c4 c6 3.Nf3 Nf6 4.Nc3 dxc4 5.a4 Bf5 6.Ne5 Nbd7 7.Nxc4 Nb6 8.Ne5 e6
9.e3 Bd6 10.Be2 Bxe5 11.dxe5 Qxd1+ 12.Bxd1 Nfd7 13.e4 Bg6 14.a5 Nc4 15.Be2 b5
16.b3 Ncxe5 17.f4 b4 18.Na4 Bxe4 19.fxe5 Bxg2 20.Rg1 Bd5 21.Rxg7 Bxb3 22.Be3
Bd5 23.Nc5 Nxe5 24.Bd4 Nc4 25.Bxc4 Bxc4 26.Bf6 Bd5 27.Kf2 Rf8 28.Rag1 Rb8
29.Rg8 Rb5 30.Rxf8+ Kxf8 31.Nd7+ Ke8 32.Ne5 Kf8 33.Rg7 Rxa5 34.Rxf7+ Kg8
35.Rg7+ Kf8 36.Rd7 {#r} 1-0

[Event "9th Rheinland-Pfalz Open 2017"]
[Site "Lambsheim GER"]
[Date "2017.06.17"]
[Round "6.14"]
[White "Meiser,M"]
[Black "Musiolik,David"]
[Result "1-0"]
[WhiteElo "2156"]
[BlackElo "2002"]

1.d4 d5 2.c4 e6 3.Nc3 Be7 4.Nf3 Nf6 5.Bg5 h6 6.Bh4 O-O 7.e3 b6 8.Qc2 Bb7
9.Bxf6 Bxf6 10.cxd5 exd5 11.Be2 Qe7 12.O-O c5 13.dxc5 bxc5 14.Rfd1 Rd8 15.Na4
Nd7 16.Rac1 Rac8 17.b3 d4 18.exd4 cxd4 19.Qd3 Rxc1 20.Rxc1 Ne5 21.Nxe5 Bxe5
22.Rd1 Be4 23.Qc4 Bxg2 24.Kxg2 Qg5+ 25.Kf1 Bxh2 26.Ke1 Qa5+ 27.Kf1 Qg5 28.Ke1
Qg1+ 29.Kd2 Bf4+ 30.Kc2 Qxf2 31.Kb1 g5 32.Bh5 Rf8 33.Nc5 Qh2 34.Nd7 Be5 35.Bg6
Bg7 36.Bc2 Ra8 37.Nc5 Rc8 38.Bd3 Qd6 39.b4 a5 40.a3 axb4 41.axb4 Qb6 42.Rf1
Qa7 43.Bg6 Rc7 44.Qd5 Re7 45.Bd3 Qc7 46.Bc4 Qa7 47.Qd8+ Bf8 48.Ne6 fxe6
49.Qxf8+ Kh7 50.Bd3# 1-0

[Event "9th Rheinland-Pfalz Open 2017"]
[Site "Lambsheim GER"]
[Date "2017.06.18"]
[Round "7.2"]
[White "Moskalenko,A"]
[Black "Muckle,Julius"]
[Result "1-0"]
[WhiteElo "2514"]
[BlackElo "2340"]

1.d4 d5 2.c4 c6 3.Nf3 Nf6 4.e3 Bf5 5.Nc3 e6 6.Bd3 Bxd3 7.Qxd3 Nbd7 8.O-O Bd6
9.e4 dxe4 10.Nxe4 Nxe4 11.Qxe4 O-O 12.Rd1 Re8 13.Be3 h6 14.Qg4 Qf6 15.Qe4 Rad8
16.Rac1 Qe7 17.b3 Bb8 18.g3 e5 19.dxe5 Nxe5 20.Nxe5 Qxe5 21.Qxe5 Bxe5 22.Bxa7
Ra8 23.Bc5 Rxa2 24.Rd7 b5 25.cxb5 cxb5 26.Re1 Raa8 27.Rb7 f5 28.Rxb5 f4 29.Kg2
fxg3 30.hxg3 Bc3 31.Rxe8+ Rxe8 32.Rb7 Rd8 33.b4 Bd4 34.Kf3 Bxc5 35.bxc5 Rd3+
36.Ke4 Rc3 37.Kf5 Rd3 38.Ke5 Rc3 39.Kd5 Rd3+ 40.Kc4 Rd2 41.c6 Rxf2 42.c7 Rc2+
43.Kd3 {#r} 1-0

[Event "9th Rheinland-Pfalz Open 2017"]
[Site "Lambsheim GER"]
[Date "2017.06.18"]
[Round "7.3"]
[White "Syrov,Arkadi"]
[Black "Farmani Anosheh,Y"]
[Result "1-0"]
[WhiteElo "2238"]
[BlackElo "2185"]

1.e4 e5 2.Nf3 Nc6 3.Bb5 Nf6 4.d3 Bc5 5.Bxc6 dxc6 6.O-O Nd7 7.Nc3 O-O 8.a4 a5
9.Nd2 Re8 10.Nc4 f6 11.Kh1 Nf8 12.f4 Be6 13.Ne3 exf4 14.Rxf4 Ng6 15.Rf1 Qd7
16.Nf5 Ne7 17.g4 g6 18.Nh6+ Kg7 19.g5 f5 20.Bf4 Bd6 21.Qd2 Rf8 22.Nb5 Nd5
23.Nxd6 cxd6 24.exd5 Bxd5+ 25.Kg1 Kh8 26.Bxd6 Rfe8 27.Bc5 Qg7 28.c3 {#r} 1-0

[Event "9th Rheinland-Pfalz Open 2017"]
[Site "Lambsheim GER"]
[Date "2017.06.18"]
[Round "7.7"]
[White "Schmitz,Th"]
[Black "Commercon,S"]
[Result "1-0"]
[WhiteElo "2268"]
[BlackElo "2253"]

1.e4 e5 2.Nf3 Nc6 3.d4 exd4 4.Bc4 Nf6 5.e5 d5 6.Bb5 Ne4 7.Nxd4 Bc5 8.Be3 O-O
9.Nxc6 bxc6 10.Bxc5 Nxc5 11.Bxc6 Rb8 12.Qxd5 Qe7 13.O-O Rxb2 14.Qd4 Rxc2
15.Nc3 Rd8 16.Nd5 Qg5 17.h4 Ne6 18.Qe4 Qd2 19.Rad1 Qe2 20.Ne7+ Kf8 21.Rxd8+
Nxd8 22.Qxe2 Rxe2 23.Bf3 Rxf2 24.Kxf2 Kxe7 25.Rc1 Ne6 26.Bg4 Kd7 27.Bxe6+ fxe6
28.Ke3 Bb7 29.g3 Bd5 30.a3 h6 31.Rc5 a6 32.Kd4 Bf3 33.Rc2 g5 34.Rf2 g4 35.Kc5
Kc8 36.h5 Kb7 37.Rb2+ Kc8 38.Rb4 Be2 39.Rf4 Bf3 40.Rf6 Kb7 41.Rxe6 {#r} 1-0

[Event "9th Rheinland-Pfalz Open 2017"]
[Site "Lambsheim GER"]
[Date "2017.06.18"]
[Round "7.8"]
[White "Lang,To"]
[Black "Meiser,M"]
[Result "1-0"]
[WhiteElo "2330"]
[BlackElo "2156"]

1.d4 Nf6 2.Nf3 g6 3.g3 d5 4.Bg2 Bg7 5.O-O O-O 6.c4 c6 7.Nc3 a5 8.Ne5 dxc4
9.Nxc4 Be6 10.Qd3 Nd5 11.e3 Nb6 12.Nxb6 Qxb6 13.Na4 Qb4 14.b3 Nd7 15.Bd2 Qd6
16.Rac1 Rfc8 17.Rfd1 b5 18.Nc5 Nxc5 19.Rxc5 Bf5 20.Qc3 b4 21.Qc1 e5 22.dxe5
Bxe5 23.Bxb4 axb4 24.Rxd6 Bxd6 25.Rxc6 Be5 26.Qc5 Bc3 27.Bd5 Rxc6 28.Qxc6 Rd8
29.Kg2 Bb1 30.Qc4 Bxa2 31.Bxf7+ Kg7 32.Bd5 Rd7 33.e4 Bb1 34.Qc5 Bd3 35.f4 {#r}
1-0

[Event "9th Rheinland-Pfalz Open 2017"]
[Site "Lambsheim GER"]
[Date "2017.06.18"]
[Round "7.16"]
[White "Weber,Samuel"]
[Black "Karsay,Pascal"]
[Result "1-0"]
[WhiteElo "2121"]
[BlackElo "2141"]

1.e4 c5 2.Nf3 Nc6 3.d3 g6 4.g3 Bg7 5.Bg2 e5 6.O-O Nge7 7.c3 d5 8.exd5 Nxd5
9.Re1 O-O 10.Nbd2 b6 11.Nc4 Re8 12.Ng5 Qd7 13.Nxf7 Qxf7 14.Nd6 Qe6 15.Nxe8
Qxe8 16.Bxd5+ Be6 17.Qb3 Bxd5 18.Qxd5+ Kh8 19.Be3 Rd8 20.Qe4 Qe6 21.Rad1 Na5
22.d4 Qc4 23.Qh4 Qd5 24.dxe5 Qxd1 25.Rxd1 Rxd1+ 26.Kg2 Bxe5 27.Qe7 Bd6 28.Qf6+
Kg8 29.Bh6 {#r} 1-0

[Event "Zone 4.3 2017"]
[Site "Livingstone ZAM"]
[Date "2017.06.10"]
[Round "1.1"]
[White "Cawdery,D"]
[Black "Simulundu,Judah"]
[Result "1-0"]
[WhiteElo "2434"]
[BlackElo "2159"]

1.e4 d6 2.d4 e5 3.Nf3 Nd7 4.Bc4 c6 5.O-O Be7 6.dxe5 dxe5 7.Ng5 Nh6 8.Ne6 fxe6
9.Bxh6 Bf6 10.Qh5+ Ke7 11.Be3 b5 12.Bb3 c5 13.c4 b4 14.a3 Rb8 15.Nd2 Qc7
16.Ba4 bxa3 17.Rxa3 Nb6 18.Bb5 a6 19.Bxa6 Bxa6 20.Rxa6 Nd7 21.b3 Qb7 22.Rfa1
Ra8 23.Rxa8 Rxa8 24.Qd1 Ke8 25.f3 Ra6 26.Rxa6 Qxa6 27.Nb1 Qa1 28.Qc2 Be7
29.Bd2 Qd4+ 30.Kf1 Nb8 31.Bc3 Qd6 32.Qd2 Qb6 33.Qb2 Nc6 34.Na3 Nd4 35.Bxd4
exd4 36.Nb5 Qa5 37.Ke2 Bf6 38.Qa3 d3+ 39.Kd1 Qd8 40.Qxc5 Kf7 41.Qc7+ {#r} 1-0

[Event "Zone 4.3 2017"]
[Site "Livingstone ZAM"]
[Date "2017.06.10"]
[Round "1.2"]
[White "Alberto,M ANG"]
[Black "Kayonde,Andrew"]
[Result "0-1"]
[WhiteElo "2157"]
[BlackElo "2412"]

1.e4 d6 2.d4 Nf6 3.Nc3 g6 4.Bg5 Bg7 5.f3 h6 6.Be3 c6 7.Qd2 b5 8.Nge2 Nbd7 9.a4
b4 10.Nd1 a5 11.Ng3 e5 12.dxe5 Nxe5 13.Be2 h5 14.h4 Qc7 15.Nf2 O-O 16.Bh6 d5
17.Bxg7 Kxg7 18.f4 Ned7 19.e5 Nh7 20.Rd1 f6 21.e6 Nc5 22.Bxh5 gxh5 23.Nxh5+
Kh8 24.Qe3 Nxe6 25.Nh3 Ng7 26.Qf3 Nxh5 27.Qxh5 Bxh3 28.Rxh3 Qxf4 29.Rf3 Qe5+
{#R} 0-1

[Event "Zone 4.3 2017"]
[Site "Livingstone ZAM"]
[Date "2017.06.10"]
[Round "1.4"]
[White "Simutowe,M"]
[Black "Solomon,K"]
[Result "0-1"]
[WhiteElo "2157"]
[BlackElo "2376"]

1.d4 Nf6 2.c4 e6 3.Nc3 Bb4 4.e3 O-O 5.Ne2 d5 6.a3 Bd6 7.c5 Be7 8.b4 b6 9.Bb2
c6 10.Nf4 Nbd7 11.Nd3 bxc5 12.Nxc5 a5 13.N3a4 axb4 14.axb4 Rb8 15.Bc3 Ne4
16.Nxe4 dxe4 17.Nc5 Nb6 18.Nxe4 Nd5 19.Bd2 e5 20.dxe5 Nxb4 21.Ng3 Qd5 22.Bc3
Rd8 23.Qxd5 Rxd5 24.Ke2 Nd3 25.e4 Rd8 26.Nf5 Bxf5 27.exf5 Rb3 28.Ba5 Rd5 29.g3
Rxe5+ 30.Kf3 Rxf5+ 31.Kg4 Rxa5 32.Rxa5 Nxf2+ 33.Kf5 g6+ {#R} 0-1

[Event "Zone 4.3 2017"]
[Site "Livingstone ZAM"]
[Date "2017.06.10"]
[Round "1.5"]
[White "Mwali,C"]
[Black "Bouah,L"]
[Result "1-0"]
[WhiteElo "2312"]
[BlackElo "2130"]

1.c4 Nf6 2.g3 g6 3.Bg2 Bg7 4.Nc3 O-O 5.e4 e5 6.Nge2 Nc6 7.O-O d6 8.f4 a6 9.d3
Rb8 10.a4 Nd4 11.h3 c5 12.f5 Ne8 13.Nd5 f6 14.Nxd4 cxd4 15.Bd2 Bd7 16.Bb4 Bc6
17.fxg6 hxg6 18.Qg4 Kf7 19.h4 Qd7 20.Qe2 Qe6 21.Kh2 Bd7 22.Nb6 Qg4 23.Rf3 Be6
24.Rh1 Bh6 25.Kg1 Be3+ 26.Kf1 Qh5 27.Bh3 Bxh3+ 28.Rxh3 Qg4 29.Kg2 Qe6 30.Rh1
Kg7 31.h5 f5 32.hxg6 f4 33.Nd7 Nf6 34.Nxb8 Rxb8 35.gxf4 exf4 36.Rfh3 Rf8
37.Rh7+ Nxh7 38.Rxh7+ Kg8 39.Qh5 f3+ 40.Kf1 Qe5 41.Bxd6 {#r} 1-0

[Event "Zone 4.3 2017"]
[Site "Livingstone ZAM"]
[Date "2017.06.10"]
[Round "1.6"]
[White "Mulenga,Prince Daniel"]
[Black "Aderito,P"]
[Result "0-1"]
[WhiteElo "2110"]
[BlackElo "2310"]

1.d4 g6 2.c4 Bg7 3.Nf3 d6 4.Nc3 Nf6 5.Bg5 h6 6.Bh4 g5 7.Bg3 Nh5 8.e3 Nd7 9.Qc2
c5 10.Rd1 Qa5 11.Be2 a6 12.O-O Nxg3 13.fxg3 Nf6 14.Kh1 Bd7 15.Nd2 O-O 16.Nb3
Qc7 17.Qd2 Be6 18.Rc1 b6 19.Bd3 Rab8 20.d5 Bd7 21.h3 b5 22.Ne2 e6 23.dxe6 fxe6
24.Qa5 Qb7 25.Kh2 Bc6 26.Rg1 b4 27.Nd2 Nd7 28.b3 Ne5 29.Bc2 {#R} 0-1

[Event "Zone 4.3 2017"]
[Site "Livingstone ZAM"]
[Date "2017.06.10"]
[Round "1.7"]
[White "Chumfwa,S"]
[Black "Katowa,Kennedy"]
[Result "1-0"]
[WhiteElo "2291"]
[BlackElo "2092"]

1.Nf3 Nf6 2.c4 e6 3.g3 b6 4.d4 Bb7 5.Bg2 Be7 6.O-O O-O 7.d5 d6 8.Nc3 e5 9.e4
Ne8 10.Ne1 f5 11.exf5 Rxf5 12.Nd3 g6 13.Be3 Ng7 14.Rc1 a6 15.f4 exf4 16.Nxf4
Bg5 17.Ne4 Nd7 18.Nxg5 Qxg5 19.Rc3 Rc8 20.Bh3 Qe7 21.Bxf5 Nxf5 22.Ne6 Nf8
23.Bg5 Qd7 24.Nd4 Ng7 25.Re3 Re8 26.Qf3 Bc8 {#r} 1-0

[Event "Zone 4.3 2017"]
[Site "Livingstone ZAM"]
[Date "2017.06.10"]
[Round "1.8"]
[White "Bezuidenhout,Roland"]
[Black "Bwalya,Gillan"]
[Result "0-1"]
[WhiteElo "2076"]
[BlackElo "2281"]

1.e4 e5 2.Nf3 Nc6 3.Bb5 a6 4.Ba4 f5 5.d3 Bc5 6.O-O fxe4 7.dxe4 d6 8.Nc3 Nf6
9.Bg5 O-O 10.Nd5 Be6 11.Nxf6+ gxf6 12.Bh6 Rf7 13.Bb3 Bxb3 14.axb3 Qe8 15.Nh4
Kh8 16.Qh5 Qe6 17.Rad1 Rg8 18.Rd3 Rd7 19.Nf5 Nd4 20.Nxd4 exd4 21.Qf5 Re7
22.Bd2 Qxf5 23.exf5 Re5 24.Rf3 Ba7 25.Rd1 Rge8 26.Kf1 Rc5 27.Rc1 Ree5 28.h3
Rxf5 29.Ke2 Kg7 {#R} 0-1

[Event "Zone 4.3 2017"]
[Site "Livingstone ZAM"]
[Date "2017.06.10"]
[Round "1.9"]
[White "Luanja,Geoffrey"]
[Black "Mosenya,N"]
[Result "1-0"]
[WhiteElo "2247"]
[BlackElo "2044"]

1.d4 Nf6 2.Nf3 g6 3.Bg5 Bg7 4.Nbd2 d5 5.e3 O-O 6.Bd3 c5 7.c3 Nc6 8.O-O Qb6
9.Rb1 Re8 10.b4 c4 11.Bc2 Bg4 12.h3 Bxf3 13.Nxf3 Ne4 14.Bxe4 dxe4 15.Nd2 Qb5
16.Nxe4 Qd5 17.Qf3 Rad8 18.Bh4 h6 19.b5 f5 20.Nc5 Na5 21.Qxd5+ Rxd5 22.b6 axb6
23.Rxb6 g5 24.Bg3 e5 25.Ne6 Rxe6 26.Rxe6 f4 27.Bh2 Kf7 28.Rb6 exd4 29.exd4 Nc6
30.Rxb7+ Ne7 31.Re1 Bf8 32.g3 Kf6 33.gxf4 Ng6 34.fxg5+ Rxg5+ 35.Kf1 Ra5 36.Bc7
Rxa2 37.Bd8+ {#r} 1-0

[Event "Zone 4.3 2017"]
[Site "Livingstone ZAM"]
[Date "2017.06.10"]
[Round "1.10"]
[White "Mabetu,Puso"]
[Black "Phiri,R"]
[Result "0-1"]
[WhiteElo "2029"]
[BlackElo "2235"]

1.e4 c5 2.Nf3 g6 3.c3 Bg7 4.d4 cxd4 5.cxd4 d5 6.Bb5+ Bd7 7.Bxd7+ Qxd7 8.exd5
Nf6 9.Nc3 Nxd5 10.O-O Nc6 11.Re1 O-O 12.Ne5 Nxe5 13.dxe5 Rfd8 14.Qb3 Nxc3
15.bxc3 Bxe5 16.Bg5 Qc7 17.f4 Bf6 18.Bxf6 exf6 19.Re2 Rd3 20.Rae1 Rxc3 21.Qb2
Rc8 22.Kh1 Kg7 23.h3 Rc1 24.f5 Qc3 25.Qxc3 R8xc3 26.fxg6 fxg6 27.Kh2 Rxe1
28.Rxe1 Kf7 29.Re4 f5 30.Ra4 a6 31.Rb4 b5 32.a4 Rc4 {#R} 0-1

[Event "Zone 4.3 2017"]
[Site "Livingstone ZAM"]
[Date "2017.06.10"]
[Round "1.12"]
[White "Zhemba,Jemusse"]
[Black "Chumfwa,K"]
[Result "1-0"]
[WhiteElo "2020"]
[BlackElo "2189"]

1.e4 e5 2.Bc4 Nf6 3.d3 Bc5 4.Nc3 c6 5.f4 d5 6.exd5 Ng4 7.Qe2 O-O 8.Nf3 exf4
9.d6 Re8 10.Ne4 Be6 11.Bxe6 Rxe6 12.Nfg5 Qxg5 13.Nxg5 Rxe2+ 14.Kxe2 Bxd6
15.Ne4 Bc7 16.h3 Nh6 17.Rf1 f6 18.Bxf4 Bxf4 19.Rxf4 Nd7 20.g4 Nf7 21.Rg1 Re8
22.Kd1 Nb6 23.h4 Nd5 24.Rf2 b6 25.Kd2 Re5 26.g5 f5 27.Nc3 Nxc3 28.Kxc3 g6
29.Rgg2 h6 30.Re2 Rc5+ 31.Kd2 hxg5 32.hxg5 f4 33.Re7 Kf8 34.Rxa7 Nxg5 35.Ra4
Rf5 36.Rg4 Ne6 37.Rxg6 Kf7 38.Rg2 Rb5 39.b3 Rh5 40.Re4 Rf5 41.d4 c5 42.c3 cxd4
43.cxd4 f3 {#r} 1-0

[Event "Zone 4.3 2017"]
[Site "Livingstone ZAM"]
[Date "2017.06.10"]
[Round "1.13"]
[White "Masango,S"]
[Black "Abrantes,Persson"]
[Result "1-0"]
[WhiteElo "2187"]
[BlackElo "2010"]

1.Nf3 Nf6 2.c4 d6 3.d4 g6 4.Nc3 Bg7 5.e4 O-O 6.Be2 Bg4 7.h3 Bxf3 8.Bxf3 e5
9.d5 Nbd7 10.O-O h6 11.Be3 Re8 12.b4 g5 13.c5 Nf8 14.Rc1 a6 15.a4 Ng6 16.cxd6
Qxd6 17.b5 Rad8 18.Ne2 axb5 19.axb5 Nh4 20.Ng3 Qd7 21.b6 cxb6 22.Bxb6 Rc8
23.Rxc8 Rxc8 24.Bg4 Nxg4 25.Qxg4 Qxg4 26.hxg4 Bf8 27.Rb1 Bd6 28.Ba7 Bc5
29.Bxc5 Rxc5 30.Rxb7 Rc4 31.Kh2 {#r} 1-0

[Event "Zone 4.3 2017"]
[Site "Livingstone ZAM"]
[Date "2017.06.11"]
[Round "2.3"]
[White "Phiri,R"]
[Black "Jere,D"]
[Result "1-0"]
[WhiteElo "2235"]
[BlackElo "2387"]

1.d4 Nf6 2.c4 e6 3.g3 c5 4.Nf3 d5 5.Bg2 Nc6 6.O-O Be7 7.dxc5 Bxc5 8.cxd5 exd5
9.Bg5 O-O 10.Nc3 Be7 11.Nd4 h6 12.Bf4 Qb6 13.Nb3 Rd8 14.a4 d4 15.Nb5 Ne8
16.Qd3 a6 17.Na3 Be6 18.Nc4 Qa7 19.Rfc1 Rac8 20.Nbd2 Nf6 21.a5 g5 22.Be5 Nh5
23.Bxc6 Rxc6 24.h3 {#r} 1-0

[Event "Zone 4.3 2017"]
[Site "Livingstone ZAM"]
[Date "2017.06.11"]
[Round "2.4"]
[White "Solomon,K"]
[Black "Masango,S"]
[Result "1-0"]
[WhiteElo "2376"]
[BlackElo "2187"]

1.Nf3 Nf6 2.c4 g6 3.d4 Bg7 4.e3 O-O 5.Be2 c5 6.d5 d6 7.Nc3 a6 8.O-O Bf5 9.Nd2
e6 10.dxe6 Bxe6 11.Nde4 Ne8 12.Nxc5 Bxc4 13.Bxc4 Qc7 14.Ne6 Qxc4 15.Nxf8 Kxf8
16.Qd5 Qc6 17.Rd1 Nd7 18.Bd2 Rc8 19.Qxc6 bxc6 20.Na4 f5 21.Rac1 Ke7 22.Rc2 c5
23.Kf1 Ke6 24.Ke2 d5 25.Bc3 Bh6 26.Bd4 Bf8 27.b3 c4 28.Nb2 Nd6 29.Rdc1 Nb5
30.bxc4 Nxd4+ 31.exd4 dxc4 32.Nxc4 Re8 33.Kd3 Rd8 34.Ke2 Nf6 35.Rb1 Nd5 36.Ne3
Nf4+ 37.Kf1 Rxd4 38.Rc4 Rxc4 39.Rb6+ {#r} 1-0

[Event "Zone 4.3 2017"]
[Site "Livingstone ZAM"]
[Date "2017.06.11"]
[Round "2.10"]
[White "Chumfwa,K"]
[Black "Katowa,Kennedy"]
[Result "1-0"]
[WhiteElo "2189"]
[BlackElo "2092"]

1.Nf3 Nf6 2.c4 c5 3.Nc3 Nc6 4.d4 cxd4 5.Nxd4 d6 6.g3 Bd7 7.Bg2 Rc8 8.Nc2 g6
9.O-O Bg7 10.Rb1 O-O 11.Bg5 h6 12.Bd2 Ne5 13.b3 Bc6 14.e4 a6 15.Nb4 Bd7 16.h3
Kh7 17.Qe2 Rb8 18.Kh2 Nc6 19.Nc2 Qc8 20.Rbc1 Qd8 21.Be3 Qa5 22.Nd5 b5 23.a3
bxc4 24.b4 Qb5 25.f4 e6 26.Nb6 Ne7 27.a4 Qc6 28.a5 Qc7 29.Na3 Bc6 30.Qxc4 Qb7
31.b5 axb5 32.Nxb5 d5 33.Qe2 Qa6 34.Nd4 Qxe2 35.Nxe2 Bb5 36.Rfe1 Nxe4 37.g4
Nc8 38.Bxe4 dxe4 39.Ng3 f5 40.Rc7 Rd8 41.gxf5 exf5 42.Nxf5 gxf5 43.Rg1 Bd7
44.Nxd7 Rb2+ 45.Kh1 Kh8 46.Rxg7 Kxg7 47.Bd4+ Kg6 48.Bxb2 Nd6 49.Rc6 Rxd7
50.Be5 {#r} 1-0

[Event "Zone 4.3 2017"]
[Site "Livingstone ZAM"]
[Date "2017.06.11"]
[Round "2.11"]
[White "Simulundu,Judah"]
[Black "Bezuidenhout,Roland"]
[Result "1-0"]
[WhiteElo "2159"]
[BlackElo "2076"]

1.e4 d6 2.d4 Nf6 3.Nc3 e5 4.Nf3 Nbd7 5.Bc4 Be7 6.O-O O-O 7.h3 c6 8.a4 a5 9.Re1
Nb6 10.Bb3 Nfd7 11.dxe5 dxe5 12.Be3 Qc7 13.Ng5 Bxg5 14.Bxg5 Nc5 15.Be3 Nxb3
16.cxb3 Be6 17.Qc2 Nd7 18.Red1 Rac8 19.Rac1 Qb8 20.Rd3 Rfd8 21.Rcd1 b6 22.Ne2
Nf8 23.f4 Rxd3 24.Qxd3 exf4 25.Bxf4 Qb7 26.Qc2 b5 27.Nd4 bxa4 28.bxa4 c5
29.Nb5 c4 30.Kh2 Qb6 31.Rd6 Qb7 32.Qd2 h5 33.Qxa5 g6 {#r} 1-0

[Event "Zone 4.3 2017"]
[Site "Livingstone ZAM"]
[Date "2017.06.11"]
[Round "2.14"]
[White "Abrantes,Persson"]
[Black "Simutowe,M"]
[Result "0-1"]
[WhiteElo "2010"]
[BlackElo "2157"]

1.e4 e5 2.Nf3 Nc6 3.Bb5 a6 4.Ba4 Nf6 5.O-O Be7 6.c3 b5 7.Bc2 d6 8.h3 O-O 9.d4
Bb7 10.Re1 Re8 11.a4 h6 12.Na3 Bf8 13.Bd2 exd4 14.cxd4 b4 15.Nc4 d5 16.exd5
Nxd4 17.Rxe8 Nxf3+ 18.Qxf3 Qxe8 19.Ne3 Qe5 20.Rb1 Bxd5 21.Nxd5 Qxd5 22.Qxd5
Nxd5 23.a5 Rd8 24.Bb3 Nc3 25.Bxc3 bxc3 26.bxc3 Rd2 27.f4 Bc5+ 28.Kh1 Rf2
29.Bc4 Rxf4 30.Bxa6 Ra4 31.Rb8+ Kh7 32.Ra8 Kg6 33.Bd3+ Kg5 34.g3 Ra3 35.Kg2
Rxc3 36.h4+ Kf6 37.Be4 Ke5 38.Re8+ Kd4 39.Bf3 Ra3 40.Ra8 Ke3 41.Bd5 f5 42.Rd8
Rd3 {#R} 0-1

[Event "Zone 4.3 2017"]
[Site "Livingstone ZAM"]
[Date "2017.06.11"]
[Round "3.1"]
[White "Zhemba,Jemusse"]
[Black "Solomon,K"]
[Result "0-1"]
[WhiteElo "2020"]
[BlackElo "2376"]

1.d4 Nf6 2.Nf3 e6 3.e3 b6 4.Bd3 Bb7 5.Nbd2 c5 6.b3 Nc6 7.a3 Be7 8.Bb2 d5 9.O-O
O-O 10.Ne5 Qc7 11.f4 Ne8 12.Qf3 f5 13.g4 Nxe5 14.fxe5 c4 15.gxf5 cxd3 16.f6
gxf6 17.Kh1 Kh8 18.Qh3 Ng7 19.Rg1 Nf5 20.Rac1 dxc2 21.Nf3 Rg8 22.Rxg8+ Rxg8
23.Ng1 fxe5 24.Rxc2 Qd8 25.Nf3 Bd6 26.Rg2 Rxg2 27.Kxg2 e4 28.Ne5 Qe7 29.b4 Bc8
{#R} 0-1

[Event "Zone 4.3 2017"]
[Site "Livingstone ZAM"]
[Date "2017.06.11"]
[Round "3.2"]
[White "Chumfwa,S"]
[Black "Phiri,R"]
[Result "0-1"]
[WhiteElo "2291"]
[BlackElo "2235"]

1.e4 c5 2.Nf3 g6 3.d4 cxd4 4.Nxd4 Bg7 5.Nc3 Nc6 6.Be3 Nf6 7.Bc4 O-O 8.Bb3 Qa5
9.O-O d6 10.h3 Bd7 11.Nf3 Qh5 12.Qe2 b5 13.a3 Rab8 14.Rfe1 a5 15.Rad1 b4
16.axb4 Rxb4 17.Bg5 Ne5 18.Nxe5 Qxg5 19.Nf3 Qh5 20.Nd5 Nxd5 21.Rxd5 Qh6
22.Rxa5 Bxb2 23.Rb1 Bc3 24.Ra7 Bb5 25.Qd1 e6 26.Qxd6 Be2 27.Qc5 Bd2 28.Nxd2
Qxd2 29.f3 Rd4 30.Qe5 Bxf3 31.Qg3 Bxe4 32.Rf1 Bd5 33.Qf2 Qxf2+ 34.Rxf2 Bxb3
35.cxb3 Rb4 36.Rf3 e5 37.g4 f5 38.gxf5 Rxf5 39.Rc3 Rf7 40.Ra8+ Kg7 41.Rd3 Rb5
42.Rdd8 Rf5 43.Rd7+ Kh6 44.Rd3 {#R} 0-1

[Event "Zone 4.3 2017"]
[Site "Livingstone ZAM"]
[Date "2017.06.11"]
[Round "3.5"]
[White "Luanja,Geoffrey"]
[Black "Bwalya,Gillan"]
[Result "0-1"]
[WhiteElo "2247"]
[BlackElo "2281"]

1.d4 Nf6 2.Nf3 e6 3.Bg5 c5 4.e3 cxd4 5.exd4 Be7 6.Nbd2 O-O 7.Bd3 d6 8.O-O Nbd7
9.a4 a5 10.Re1 b6 11.Nf1 Bb7 12.Ng3 Re8 13.Qe2 Qc7 14.Bb5 h6 15.Be3 Bf8 16.c4
Rac8 17.Rac1 Qb8 18.Nd2 Qa8 19.f3 Red8 20.Bf2 d5 21.Red1 Bb4 22.Ngf1 Qb8 23.b3
Nh5 24.cxd5 Nf4 25.Qe1 Nxd5 26.Rxc8 Bxc8 {#R} 0-1

[Event "Zone 4.3 2017"]
[Site "Livingstone ZAM"]
[Date "2017.06.11"]
[Round "3.6"]
[White "Jere,D"]
[Black "Nyimbili,Dalington"]
[Result "1-0"]
[WhiteElo "2387"]
[BlackElo "2025"]

1.c4 Nf6 2.g3 d5 3.Bg2 c6 4.Nf3 g6 5.b3 Bg7 6.Bb2 O-O 7.O-O Re8 8.Qc2 Nbd7
9.Nc3 Nb6 10.d3 d4 11.Nb1 e5 12.Nbd2 Ng4 13.h3 Nh6 14.Rfe1 f5 15.e3 c5 16.exd4
cxd4 17.c5 Nd5 18.Nxd4 Nc7 19.N4f3 Nf7 20.Nc4 e4 21.dxe4 fxe4 22.Rxe4 Bf5
23.Rxe8+ Qxe8 24.Qc1 Rd8 25.Bxg7 Kxg7 26.Qc3+ Kg8 27.Re1 Qb5 28.Nd6 Nxd6
29.cxd6 Ne8 30.Nd4 Qd3 31.Bd5+ Kh8 32.Qa1 Ng7 33.Bc4 Qd2 34.Nf3 Qxd6 35.Ng5
Rf8 36.Re8 h5 37.Nf7+ Kh7 38.Nxd6 Nxe8 39.Qe5 Ng7 40.Qe7 Rb8 41.Kg2 a6 42.f3
b5 43.Bd5 Bb1 44.g4 hxg4 45.hxg4 {#r} 1-0

[Event "Zone 4.3 2017"]
[Site "Livingstone ZAM"]
[Date "2017.06.11"]
[Round "3.12"]
[White "Dimba,James"]
[Black "Simulundu,Judah"]
[Result "0-1"]
[WhiteElo "2086"]
[BlackElo "2159"]

1.e4 c5 2.Nf3 d6 3.d4 cxd4 4.Nxd4 Nf6 5.Nc3 a6 6.f3 e5 7.Nb3 Be6 8.Be3 Nbd7
9.Qd2 Be7 10.O-O-O b5 11.g4 b4 12.Nd5 Bxd5 13.exd5 Nb6 14.Bxb6 Qxb6 15.Kb1 O-O
16.g5 Nh5 17.Bh3 Nf4 18.Bf5 Bxg5 19.h4 Bh6 20.Qh2 a5 21.Nc1 a4 22.Ne2 a3 23.b3
Qe3 24.Nxf4 Bxf4 25.Rd3 Qxd3 26.Bxd3 Bxh2 27.Rxh2 f5 28.c3 e4 29.fxe4 fxe4
30.Bxe4 Rac8 31.c4 Rce8 32.Re2 g6 33.Kc2 Rf4 34.Kd3 Rxh4 35.c5 dxc5 36.d6
Rhxe4 37.Rxe4 Rxe4 38.Kxe4 Kf7 39.Kd5 Ke8 40.Kxc5 h5 41.Kxb4 h4 42.Kxa3 h3
43.b4 h2 44.b5 h1=Q {#R} 0-1

[Event "Zone 4.3 2017"]
[Site "Livingstone ZAM"]
[Date "2017.06.12"]
[Round "4.1"]
[White "Solomon,K"]
[Black "Phiri,R"]
[Result "1-0"]
[WhiteElo "2376"]
[BlackElo "2235"]

1.d4 Nf6 2.Nf3 e6 3.c4 b6 4.g3 Bb7 5.Bg2 Be7 6.O-O O-O 7.Nc3 d5 8.cxd5 exd5
9.Ne5 c6 10.e4 Na6 11.exd5 cxd5 12.Bf4 Nc7 13.Rc1 Ne6 14.Be3 Re8 15.Qa4 Bd6
16.Rfd1 Bb8 17.Re1 a6 18.Qb3 Ba7 19.Rcd1 Rc8 20.a4 Qd6 21.Rc1 b5 22.Qd1 b4
23.Na2 a5 24.Rxc8 Bxc8 25.Nc1 Bb6 26.Bf1 h6 27.Nb3 Ng5 28.Bxg5 hxg5 29.Bb5 Re7
30.Qc1 Bf5 31.Nc6 Re4 32.f3 Rxe1+ 33.Qxe1 Bc2 34.Nbxa5 g4 35.f4 Be4 36.Nb3 Bc2
37.a5 Ba7 38.a6 Bb6 39.Na1 Bd3 40.a7 Bxa7 41.Qe5 Bxd4+ 42.Nxd4 Qxe5 43.fxe5
Bxb5 44.exf6 {#r} 1-0

[Event "Zone 4.3 2017"]
[Site "Livingstone ZAM"]
[Date "2017.06.12"]
[Round "4.2"]
[White "Bwalya,Gillan"]
[Black "Mwali,C"]
[Result "0-1"]
[WhiteElo "2281"]
[BlackElo "2312"]

1.e4 e5 2.f4 exf4 3.Bc4 Nf6 4.Nc3 Nc6 5.Nf3 Be7 6.O-O Nxe4 7.Nxe4 d5 8.Bd3
dxe4 9.Bxe4 O-O 10.d4 g5 11.c3 Bg4 12.Bxh7+ Kxh7 13.Nxg5+ Bxg5 14.Qxg4 f5
15.Qh5+ Kg7 16.Bxf4 Bxf4 17.Rxf4 Qf6 18.Re1 Qg6 19.Qf3 Rf7 20.d5 Re7 21.Rf1
Ne5 22.Qe3 Qb6 23.Rd4 Ng6 24.Qf2 f4 25.h4 Rh8 26.Rb4 Qxf2+ 27.Kxf2 b6 28.Ra4
a5 29.Re1 Rxh4 30.Rae4 Rxe4 31.Rxe4 Rh5 32.Rc4 Rxd5 33.Rxc7+ Kh6 34.Ke2 Re5+
35.Kf2 Rd5 36.Ke2 Kg5 37.c4 Rc5 38.Rb7 Rxc4 39.Rxb6 Rc2+ 40.Kf1 Nh4 41.Rb8 Nf5
42.Rg8+ Kf6 43.a4 Ng3+ {#R} 0-1